=LDR 00000nam 2200000 4500 =001 INLIS000000000038591 =005 20130612144245 =008 ***********************************Ind** =035 ##$$0010-061300000038591 =041 ##$$a Ind =082 ##$$a 650.1 =090 ##$$a 650.1, Wid m =100 ##$$a Widiastuti, A. Nur =245 ##$$a More Than Mom, Jurus Ampuh Menjadi pembisnis dan ibu rumah tangga sukses, A. Nur Widiastuti; Editor, Benedicta Rini W =260 ##$$a 2009 $b Yogyakarta =300 ##$$a 58 hlm, 22 cm =650 ##$$a Sukses Bisnis =700 ##$$a Rini W, Benedikta =850 ##$$a NBPNMAT